Enciclopedia de ciencias naturales, medio ambiente y ecologia (Registro nro. 5836)

Detalles MARC
000 -CABECERA
Longitud fija campo de control 01230nam a2200301Ia 4500
005 - • FECHA Y HORA DE LA ÚLTIMA TRANSACCIÓN
Fecha y hora de la última transacción 20220317001051.0
008 - • CÓDIGOS DE INFORMACIÓN DE LONGITUD FIJA
Códigos de información de longitud fija 160825s1995 ag a g 000 0 spa
020 ## - • NÚMERO INTERNACIONAL NORMALIZADO PARA LIBROS
Número Internacional Normalizado para Libros (ISBN) 9508100478 (obra completa)
082 04 - • NÚMERO DE LA CLASIFICACIÓN DECIMAL DEWEY
Número de clasificación (R) R 503 E51e
040 ## - FUENTE DE LA CATALOGACIÓN
Centro catalogador de origen CO-BoRNBP
Lengua de catalogación spa
Normas de descripción rda
Centro transcriptor CO-BoRNBP
245 10 - • TITULO PROPIAMENTE DICHO
Título Enciclopedia de ciencias naturales, medio ambiente y ecologia
Mención de responsabilidad, etc. director editorial Gustavo Cositorto
250 ## - • MENCIÓN DE EDICIÓN
Mención de edición 1a. edición
264 ## - PRODUCCIÓN, PUBLICACIÓN , DISTRIBUCIÓN, FABRICACIÓN Y COPYRIGHT
Lugar de producción, publicación, distribución, fabricación Buenos Aires
Nombre del productor, editor, distribuidor, fabricante Oriente
Fecha de de producción, publicación, distribución, fabricación o copyright 1995
300 ## - • DESCRIPCIÓN FÍSICA
Extensión 3 volúmenes
Otras características físicas ilustraciones en color
Dimensiones 29 cm
336 ## - TIPO DE CONTENIDO
Término de tipo de contenido texto
Código de tipo de contenido txt
Fuente rdacontent
337 ## - TIPO DE MEDIO
Nombre del tipo de medio sin mediación
Código del tipo de medio n
Fuente rdamedia
338 ## - TIPO DE SOPORTE
Nombre del tipo de soporte volumen
Código del tipo de soporte nc
Fuente rdacarrier
505 ## - • NOTA DE CONTENIDO CON FORMATO
Nota de contenido con formato volumen 1. Astronomía; Geología; Zoología -- volumen 2. Botánica; Micro organismos; Cuerpo humano -- volumen 3. Genética; Ecología; Colombia medio ambiente y ecología
650 14 - • PUNTO DE ACCESO ADICIONAL DE MATERIA - TÉRMINO DE MATERIA
Fuente del encabezamiento o término LEMB
Término de materia o nombre geográfico como elemento inicial Astronomía
Subdivisión de forma Diccionarios
650 14 - • PUNTO DE ACCESO ADICIONAL DE MATERIA - TÉRMINO DE MATERIA
Fuente del encabezamiento o término LEMB
Término de materia o nombre geográfico como elemento inicial Ciencia
Subdivisión de forma Diccionarios
650 14 - • PUNTO DE ACCESO ADICIONAL DE MATERIA - TÉRMINO DE MATERIA
Fuente del encabezamiento o término LEMB
Término de materia o nombre geográfico como elemento inicial Geología
Subdivisión de forma Diccionarios
650 14 - • PUNTO DE ACCESO ADICIONAL DE MATERIA - TÉRMINO DE MATERIA
Fuente del encabezamiento o término LEMB
Término de materia o nombre geográfico como elemento inicial Zoología
Subdivisión de forma Diccionarios
650 14 - • PUNTO DE ACCESO ADICIONAL DE MATERIA - TÉRMINO DE MATERIA
Fuente del encabezamiento o término LEMB
Término de materia o nombre geográfico como elemento inicial Botánica
Subdivisión de forma Diccionarios
650 14 - • PUNTO DE ACCESO ADICIONAL DE MATERIA - TÉRMINO DE MATERIA
Fuente del encabezamiento o término LEMB
Término de materia o nombre geográfico como elemento inicial Microorganismos
Subdivisión de forma Diccionarios
650 14 - • PUNTO DE ACCESO ADICIONAL DE MATERIA - TÉRMINO DE MATERIA
Fuente del encabezamiento o término LEMB
Término de materia o nombre geográfico como elemento inicial Cuerpo humano
Subdivisión de forma Diccionarios
650 14 - • PUNTO DE ACCESO ADICIONAL DE MATERIA - TÉRMINO DE MATERIA
Fuente del encabezamiento o término LEMB
Término de materia o nombre geográfico como elemento inicial Genética
Subdivisión de forma Diccionarios
942 ## - ENTRADA DE ELEMENTOS AGREGADOS (KOHA)
Fuente de clasificaión o esquema Dewey Decimal Classification
Koha [por defecto] tipo de item Libro Referencia
Existencias
Perdido Fuente de clasificación o esquema Estado Físico No para préstamo Forma de adquisición Localización permanente Localización actual Localización en estanterías Fecha adquisición Préstamos totales Signatura completa Código de barras Fecha última consulta Número de copia Fecha del precio de reemplazo Tipo de item de Koha Fuente de adquisición Serie de enumeración / cronolog&íacute;a Número de registro
  Clasificación Local (Facetada)     Colección General Biblioteca Pública Puerto Concordia Biblioteca Pública Puerto Concordia Referencia 10/21/2025   R 503 E51e 01920 10/21/2025 Ej.1 10/21/2025 Libro Referencia PNBL3 VOL. 1 Ej.1 - VOL. 2 Ej. 2 - VOL. 3 Ej. 3 5836
  Dewey Decimal Classification     Sala Referencia Biblioteca Pública San Juan de Arama - Concepción de Arama Biblioteca Pública San Juan de Arama - Concepción de Arama Referencia 08/29/2023   R 570.3 E51 SJA00795 08/29/2023 VOL . 1 Ej.1 08/29/2023 Libro Referencia      









Instituto Departamental de Cultura del Meta - Red Departamental de Bibliotecas Públicas del Meta.